Normale Ansicht MARC-Ansicht ISBD

NS-Militärjustiz im Zweiten Weltkrieg (Titelsatznr. 22218)

[ MARC ]
MARC-Details
000 -Satzkennung
Kontrollfeld mit fester Länge 00754nam a22002411c 4500
001 - Kontrollnummer
Kontrollfeld a987688492
008 - Feld mit fester Länge zur physischen Beschreibung - Allgemeine Angaben
Kontrollfeld mit fester Länge 171011s2015 gw |||| 000u ger d
020 ## - Internationale Standardbuchnummer
Internationale Standardbuchnummer 9783847103721
Verknüpfung 978-3-8471-0372-1
041 ## - Sprachcode
Sprachcode des Textes/der Tonspur oder des separaten Titels ger
040 ## - Katalogisierungsquelle
Übertragungsstelle RU-10907106
003 - Kontrollnummer Identifier
Kontrollfeld RU-10907106
245 00 - Titel
Titel NS-Militärjustiz im Zweiten Weltkrieg
264 ## - Produktion, Veröffentlichung, Distribution, Herstellung und Urheberrechtsvermerk
Herstellungs-, Veröffentlichungs- Vertriebs-, Erzeugungsort Göttingen :
Produzent, Herausgeber, Distributor, Hersteller V & R unipress,
Datum der Herstellung, der Veröffentlichung, des Vertriebs oder des Urheberschutzvermerks 2015
300 ## - Physische Beschreibung
Umfang 288 Seiten
490 #0 - Gesamttitelangabe
Gesamttitelangabe Berichte und Studien / Hannah-Arendt-Institut für Totalitarismusforschung e.V.
Bandnummer/Folgebezeichnung 68
610 #0 - Nebeneintragung unter einem Schlagwort - Körperschaftsname
Körperschafts- oder Gebietskörperschaftsname als Eintragungselement Deutschland / Wehrmacht
650 #0 - Nebeneintragung unter einem Schlagwort - Sachschlagwort
Sachschlagwort oder geografischer Name als Eintragungselement Militärjustiz
650 #0 - Nebeneintragung unter einem Schlagwort - Sachschlagwort
Sachschlagwort oder geografischer Name als Eintragungselement Weltkrieg <1939-1945>
700 1# - Nebeneintragung - Personenname
Personenname Bade, Claudia
Funktionsbezeichnung HerausgeberIn
700 1# - Nebeneintragung - Personenname
Personenname Skowronski, Lars
Funktionsbezeichnung HerausgeberIn
700 1# - Nebeneintragung - Personenname
Personenname Viebig, Michael
Funktionsbezeichnung HerausgeberIn
942 ## - Zusätzliche Felder (Koha)
Koha-Medientyp Monographien
Exemplare
Ausgeschieden Verloren Klassifikation oder Aufstellungssystematik Beschädigt Nicht entleihbar Heimatbibliothek Aufenthaltsbibliothek Aufstellungsort Erwerbungsdatum Inventarnummer Signatur Barcode Letzte Aktivität Preis gültig von Koha-Medientyp
    Andere/Generische Klassifikation     MWN Osteuropa MWN Osteuropa Lesesaal - 1 11/10/2017 18-00668 D 52 rd Bad E004015073CA5B0F 23/02/2021 22/03/2021 Monographien